| 000 | 00883nam a2200253Ia 4500 | ||
|---|---|---|---|
| 003 | OSt | ||
| 005 | 20220923211504.0 | ||
| 006 | a|||||r|||| 00| 0 | ||
| 007 | ta | ||
| 008 | 220922b |||||||| |||| 00| 0 pan d | ||
| 020 |
_a9789352047048 (hbk) _c295 |
||
| 024 | _a349,462 | ||
| 037 |
_b1041, 02/02/2019, H.K. Prakashan _cTextual |
||
| 040 |
_aARTS _cARTS _bpan |
||
| 041 |
_2pan _apan |
||
| 082 | _aQ8441:21:g, 153Q6 | ||
| 100 | _aਕੌਰ, ਹਰਜੋਤ, ਂਚ. | ||
| 245 | 0 | _aਗੁਰਮਤਿ ਦੇ ਪ੍ਰਮੁੱਖ ਸੰਕਲਪ | |
| 260 |
_aਚੰਡੀਗੜ੍ਹ _b ਲੋਕਗੀਤ ਪ੍ਰਕਾFਨ _c2016 |
||
| 300 |
_a142ਪ੍ਰ0 _ccm. |
||
| 650 |
_aਸਿੱਖ ਧਰਮ _9156314 |
||
| 942 |
_hQ8441:21:g, 153Q6 _cTEXL _2CC |
||
| 999 |
_c300049 _d300049 |
||